[Event "GER-ch Seniors 50"]
[Site "Hamburg"]
[Date "2018.07.27"]
[Round "7"]
[White "Koenigs, Paul"]
[Black "Meyer, Harald"]
[Result "1-0"]
[WhiteElo "1633"]
[BlackElo "1497"]
[PlyCount "85"]
[EventDate "2018.07.21"]
[EventType "swiss"]
[EventRounds "9"]
[EventCountry "GER"]
[SourceTitle "CBM 186 Extra"]
[Source "ChessBase"]
[SourceDate "2018.08.24"]
[SourceVersion "1"]
[SourceVersionDate "2018.08.24"]
[SourceQuality "1"]

1. e4 e6 2. d4 d5 3. Nd2 Nc6 4. c3 Nf6 5. Bd3 dxe4 6. Nxe4 Be7 7. Nf3 Nxe4 8. Bxe4 Bf6 9. Bf4 Qe7 10. 0-0 e5 11. Bxc6+ bxc6 12. Bxe5 0-0 13. Re1 Bg4 14. Qd3 Bxf3 15. Qxf3 Bxe5 16. Rxe5 Qd6 17. Rae1 Qg6 18. Qe4 f5 19. Qe2 h5 20. Re6 Qf7 21. Qc4 Rae8 22. Qxc6 Rxe6 23. Qxe6 Qxe6 24. Rxe6 Kf7 25. Ra6 Ra8 26. Kf1 Ke7 27. Ke2 Kf7 28. a4 Rb8 29. b4 Rb7 30. Kd3 c5 31. dxc5 Rd7+ 32. Kc4 Re7 33. Rd6 g6 34. Kd5 Re2 35. Rd7+ Ke8 36. Rxa7 Rxf2 37. c6 Rd2+ 38. Ke6 Kd8 39. Rd7+ Rxd7 40. cxd7 f4 41. a5 g5 42. a6 f3 43. a7 1-0

[Event "GER-ch Seniors 50"]
[Site "Hamburg"]
[Date "2018.07.26"]
[Round "6"]
[White "Koenigs, Paul"]
[Black "Neldner, Frank"]
[Result "0-1"]
[WhiteElo "1633"]
[BlackElo "1586"]
[PlyCount "54"]
[EventDate "2018.07.21"]
[EventType "swiss"]
[EventRounds "9"]
[EventCountry "GER"]
[SourceTitle "CBM 186 Extra"]
[Source "ChessBase"]
[SourceDate "2018.08.24"]
[SourceVersion "1"]
[SourceVersionDate "2018.08.24"]
[SourceQuality "1"]

1. e4 e5 2. Nf3 Nc6 3. Bb5 a6 4. Ba4 Nf6 5. 0-0 b5 6. Bb3 Be7 7. Re1 0-0 8. c3 d5 9. exd5 Nxd5 10. Nxe5 Nxe5 11. Rxe5 c6 12. Bxd5 cxd5 13. Qf3 Be6 14. d4 Bd6 15. Re1 Qh4 16. h3 Rae8 17. Be3 f5 18. g3 Qxh3 19. Qg2 Qxg2+ 20. Kxg2 f4 21. Bxf4 Bxf4 22. Rxe6 Rxe6 23. gxf4 Re1 24. f3 Rfe8 25. a4 R8e2+ 26. Kg3 Rg1+ 27. Kh3 Rxb2 0-1

[Event "Rheinland Pfalz op 10th"]
[Site "Nickenich"]
[Date "2018.06.02"]
[Round "6"]
[White "Koenigs, Paul"]
[Black "Wieber, Dominik"]
[Result "0-1"]
[WhiteElo "1641"]
[BlackElo "1790"]
[PlyCount "72"]
[EventDate "2018.05.31"]
[EventType "swiss"]
[EventRounds "7"]
[EventCountry "GER"]
[SourceTitle "EXT 2019"]
[Source "ChessBase"]
[SourceDate "2018.10.10"]
[SourceVersion "1"]
[SourceVersionDate "2018.10.10"]
[SourceQuality "1"]

1. e4 e5 2. Nf3 Nc6 3. Bb5 Nf6 4. 0-0 d6 5. Re1 Be7 6. c3 0-0 7. d4 Bd7 8. d5 Nb8 9. Bxd7 Nbxd7 10. c4 h6 11. b3 Nh7 12. Ba3 Ng5 13. Nfd2 f5 14. f3 fxe4 15. fxe4 Qe8 16. h4 Nh7 17. Qg4 Rf4 18. Qe6+ Kh8 19. g3 Ndf8 20. Qh3 Qg6 21. Qg2 Bxh4 22. gxf4 Bxe1 23. fxe5 Qxg2+ 24. Kxg2 Bxd2 25. Nxd2 dxe5 26. Bb2 Nd7 27. Rf1 Nhf6 28. b4 a5 29. b5 b6 30. Nf3 Re8 31. Re1 g5 32. Nxe5 Nxe5 33. c5 bxc5 34. d6 cxd6 35. Rf1 Kg7 36. Bc3 Nxe4 0-1